[Event "4NCL 2011-12"]
[Site "Hinkley ENG"]
[Date "2012.05.05"]
[Round "11.162"]
[White "Cuenca Jimenez, Jose Fernando"]
[Black "Talsma, Paul"]
[Result "1-0"]
[WhiteTitle "IM"]
[WhiteElo "2474"]
[BlackElo "2246"]
[WhiteTeam "Guildford 1"]
[BlackTeam "Anglian Avengers"]
[WhiteFideId "2255570"]
[BlackFideId "1018779"]
[EventDate "2011.11.12"]

1. c4 f5 2. g3 Nf6 3. Bg2 g6 4. Nc3 Bg7 5. d3 d6 6. e4 c6 7. Nge2 O-O 8. O-O Na6
9. h3 e5 10. exf5 gxf5 11. d4 Qe7 12. b3 Bd7 13. Be3 Qf7 14. Qd2 Rfe8 15. Rad1
Qg6 16. Qc2 Qh5 17. f4 exd4 18. Bxd4 Re6 19. Bf2 Nc5 20. b4 Nce4 21. Nxe4 Nxe4
22. g4 Qf7 23. gxf5 Qxf5 24. Nd4 Bxd4 25. Rxd4 Ng3 26. Qxf5 Nxf5 27. Rd2 a6 28.
Kh2 Rae8 29. Bf3 R8e7 30. Rg1+ Rg6 31. Rg5 Kg7 32. Bg4 Rxg5 33. fxg5 Re4 34.
Bxf5 Bxf5 35. Rxd6 Rxc4 36. Bd4+ Kg8 37. a3 Rc2+ 38. Kg3 Ra2 39. h4 Rxa3+ 40.
Kf4 Bh3 41. h5 Bg2 42. Rd8+ Kf7 43. g6+ hxg6 44. hxg6+ Kxg6 45. Rg8+ Kf7 46.
Rxg2 a5 47. Bb2 Ra2 48. Kf5 axb4 49. Rg7+ Kf8 50. Be5 c5 51. Rxb7 Ra6 52. Bf6
Rc6 53. Ke5 c4 54. Be7+ Kg8 55. Kd5 Rc8 56. Rxb4 c3 57. Rb1 c2 58. Rc1 Re8 59.
Ke6 Rc8 60. Kd5 Re8 61. Bb4 Re2 62. Kd4 Kf7 63. Kd3 Rg2 64. Bd2 Ke6 65. Rxc2 Rg4
66. Ra2 Kd5 67. Ra5+ Ke6 68. Bc3 Kd6 69. Bd4 Rg2 70. Kc4 Rc2+ 71. Bc3 Ke6 72.
Re5+ Kd6 73. Rf5 Ke6 74. Rf6+ Ke7 75. Rh6 Rc1 76. Kd4 Rb1 77. Ke4 Rb5 78. Be5
Kd7 79. Kf5 Rb1 80. Rd6+ Ke7 81. Rc6 Rf1+ 82. Bf4 Kd7 83. Rc7+ Kd8 84. Ra7 Kc8
85. Ke4 Rd1 86. Kf5 Rf1 87. Rf7 Re1 88. Rh7 Rf1 89. Ke5 Rd1 90. Ke6 Rf1 91. Be5
Rd1 92. Ra7 Rc1 93. Bd6 Rc2 94. Kd5 Kd8 95. Bc5 Re2 96. Kd6 Ke8 97. Kd5 Re1 98.
Bd6 Rh1 99. Be5 Rh6 100. Rb7 Rg6 101. Rh7 Kf8 102. Ke4 Ke8 103. Kf5 Ra6 104. Bf6
Ra5+ 105. Kg6 Ra2 106. Re7+ Kf8 107. Rd7 Rg2+ 108. Bg5 Re2 109. Rd8+ Re8 110.
Rd7 Re1 1-0

[Event "4NCL 2011-12"]
[Site "Hinkley ENG"]
[Date "2012.05.05"]
[Round "11.163"]
[White "Player, Edmund C"]
[Black "Sarakauskas, Gediminas"]
[Result "0-1"]
[BlackTitle "IM"]
[WhiteElo "2199"]
[BlackElo "2403"]
[WhiteTeam "Anglian Avengers"]
[BlackTeam "Guildford 1"]
[WhiteFideId "406520"]
[BlackFideId "12800724"]
[EventDate "2011.11.12"]

1. e4 e6 2. d4 d5 3. Nd2 Nf6 4. e5 Nfd7 5. Bd3 c5 6. c3 Nc6 7. Ne2 cxd4 8. cxd4
f6 9. exf6 Qxf6 10. Nf3 h6 11. Bd2 Bd6 12. Bc3 O-O 13. O-O Rd8 14. Ng3 Nf8 15.
Qe2 Qf4 16. Rae1 Bd7 17. Nh5 Qg4 18. Ne5 Qxe2 19. Rxe2 Bxe5 20. dxe5 Be8 21. Ng3
Bg6 22. Bxg6 Nxg6 23. f4 Nge7 24. Nh5 g6 25. Nf6+ Kf7 26. g4 Rh8 27. f5 gxf5 28.
gxf5 d4 29. fxe6+ Kxe6 30. Bd2 Raf8 31. Rfe1 Ng6 32. Kh1 h5 33. Ne4 Ngxe5 34.
Nc5+ Kd5 35. Nxb7 Nd3 36. Rg1 Nf2+ 37. Kg2 Rhg8+ 38. Kf1 Nd3+ 0-1

[Event "4NCL 2011-12"]
[Site "Hinkley ENG"]
[Date "2012.05.05"]
[Round "11.164"]
[White "Flear, Glenn C"]
[Black "Tozer, Philip A A"]
[Result "1-0"]
[WhiteTitle "GM"]
[WhiteElo "2472"]
[BlackElo "2159"]
[WhiteTeam "Guildford"]
[BlackTeam "Anglian Avengers"]
[WhiteFideId "400165"]
[BlackFideId "419982"]
[EventDate "2011.11.12"]

1. d4 e6 2. c4 f5 3. g3 Nf6 4. Bg2 c6 5. Nc3 d5 6. Nf3 Bd6 7. O-O O-O 8. Ne5 Ne4
9. Nxe4 fxe4 10. f3 exf3 11. Nxf3 Nd7 12. Qc2 Nf6 13. Bg5 Qe8 14. Bxf6 gxf6 15.
e4 dxe4 16. Qxe4 Qg6 17. Qe3 Bd7 18. Qb3 b6 19. Rae1 Rae8 20. c5 bxc5 21. Qa3 e5
22. dxe5 fxe5 23. Qxa7 Qg7 24. Nd2 Rxf1+ 25. Rxf1 e4 26. Nxe4 Qd4+ 27. Kh1 Rxe4
28. Qxd7 Re7 29. Qc8+ Kg7 30. Qf8+ Kg6 31. Bxc6 1-0

[Event "4NCL 2011-12"]
[Site "Hinkley ENG"]
[Date "2012.05.05"]
[Round "11.166"]
[White "Suarez Real, Alberto"]
[Black "Gregory, Stephen J"]
[Result "1-0"]
[WhiteTitle "FM"]
[WhiteElo "2387"]
[BlackElo "2124"]
[WhiteTeam "Guildford"]
[BlackTeam "Anglian Avengers"]
[WhiteFideId "2218534"]
[BlackFideId "410837"]
[EventDate "2011.11.12"]

1. e4 d6 2. d4 Nf6 3. Nc3 g6 4. Nf3 Bg7 5. Bf4 c6 6. Qd2 Qa5 7. Bd3 Bg4 8. e5
dxe5 9. Nxe5 Nbd7 10. Nc4 Qd8 11. Bh6 Bxh6 12. Qxh6 Qc7 13. O-O O-O-O 14. Ne3
Nb8 15. Bc4 Rxd4 16. Bxf7 Nbd7 17. Nxg4 Nxg4 18. Qh3 Nge5 19. Be6 Kb8 20. f4 Nc4
21. Ne2 Re4 22. Ng3 Rd4 23. c3 Rd2 24. Bxc4 Nf6 25. Rae1 Qb6+ 26. Kh1 Qxb2 27.
Ne4 Nxe4 28. Rxe4 Rhd8 29. Rxe7 b5 30. Bb3 Rf2 31. Rg1 Qd2 32. Qxh7 1-0

[Event "4NCL 2011-12"]
[Site "Hinkley ENG"]
[Date "2012.05.05"]
[Round "11.167"]
[White "Smith, Olivia"]
[Black "Wall, Gavin"]
[Result "1/2-1/2"]
[WhiteTitle "WFM"]
[BlackTitle "IM"]
[WhiteElo "2010"]
[BlackElo "2330"]
[WhiteTeam "Anglian Avengers"]
[BlackTeam "Guildford 1"]
[WhiteFideId "411850"]
[BlackFideId "2501244"]
[EventDate "2011.11.12"]

1. e4 e5 2. Nf3 Nc6 3. Bc4 Nf6 4. d3 h6 5. c3 d6 6. Nbd2 g6 7. O-O Bg7 8. Re1
O-O 9. Bb3 Nh5 10. Nf1 Kh7 11. d4 exd4 12. Nxd4 Qf6 13. Nb5 Qe7 14. Ne3 Nf6 15.
Nd5 Nxd5 16. exd5 Ne5 17. f4 Qd7 18. Nd4 c5 19. fxe5 cxd4 20. cxd4 b5 21. Bf4
Bb7 22. Rc1 a5 23. e6 Qe7 24. a3 a4 25. Ba2 Rac8 26. Rxc8 Rxc8 27. Qd3 Qf6 28.
Be3 fxe6 29. dxe6 Qf5 30. Qxf5 gxf5 31. e7 Re8 32. Bf2 Be4 33. Be6 Kg6 34. g4
Bf6 35. Bd7 Rxe7 36. Bxb5 Rb7 37. gxf5+ Kxf5 38. Bc4 d5 39. Ba6 Rxb2 40. Re2
Rb1+ 41. Re1 Rxe1+ 42. Bxe1 Bxd4+ 43. Kf1 Bc5 44. Bb5 Bc2 45. Ke2 Bxa3 46. Kd2
Bb3 47. Kc3 Bc5 48. Bd3+ Ke6 49. Bd2 d4+ 50. Kb2 Bd5 51. Bh7 a3+ 52. Kc2 a2 53.
Kb2 Ba3+ 54. Ka1 Kf6 55. Bxh6 Bb4 56. Bc1 Bc3+ 57. Bb2 Kg5 58. h3 Bxb2+ 59. Kxb2
Kh4 60. Bf5 Kg3 61. Ka1 Kf4 62. Bg6 Be4 63. Bf7 Bb1 64. Bc4 Kg3 65. Kb2 Kxh3 66.
Ka1 Kg3 67. Kb2 Kf3 68. Bb5 Ke3 69. Bc4 Kd2 70. Bb5 Bd3 71. Bd7 Bc4 72. Bf5 Ke3
73. Bg6 Bd5 74. Bc2 Kf4 75. Bd3 Kf3 76. Bc2 Ke3 77. Bg6 Be4 78. Bf7 d3 79. Bxa2
d2 80. Bb3 1/2-1/2

[Event "4NCL 2011-12"]
[Site "Hinkley ENG"]
[Date "2012.05.05"]
[Round "11.171"]
[White "Beaumont, Chris R"]
[Black "Zakarian, David"]
[Result "1/2-1/2"]
[WhiteTitle "IM"]
[WhiteElo "2279"]
[BlackElo "2379"]
[WhiteTeam "Bristol"]
[BlackTeam "Oxford"]
[WhiteFideId "400424"]
[BlackFideId "13301276"]
[EventDate "2011.11.12"]

1. c4 e6 2. Nf3 Nf6 3. g3 d5 4. Bg2 Be7 5. O-O O-O 6. b3 c5 7. Bb2 Nc6 8. e3 b6
9. Nc3 Ba6 10. d3 Rc8 11. e4 dxe4 12. dxe4 Qc7 13. Nb5 Qb8 14. e5 Rfd8 15. Qe2
Ne8 16. Rfd1 Bb7 17. Rxd8 Rxd8 18. Rd1 a6 19. Rxd8 Bxd8 20. Na3 Nb4 21. Bc3 g6
22. Qd2 Qc7 23. Nb1 Be7 24. a3 Nc6 25. Qd3 Bf8 26. Nbd2 Bg7 27. Qe3 h6 28. h4
Nb8 29. Kh2 Nd7 30. Qf4 f5 31. Qe3 Kh7 32. Qf4 a5 33. a4 Bc6 34. Qe3 Qb7 35. Ne1
Nc7 36. f4 Na6 37. Bxc6 Qxc6 38. Qf3 Nab8 39. Qxc6 Nxc6 40. Nc2 Bf8 41. Nb1 g5
42. hxg5 hxg5 43. Kg2 Bh6 44. Kf3 gxf4 45. gxf4 Nf8 46. Bd2 Kg8 47. Be3 Kf7 48.
Nc3 Ke7 49. Ne2 Ng6 50. Bf2 Kd7 51. Bg3 Nb8 52. Nc3 Na6 53. Ne2 Ne7 54. Bh4 Nc6
55. Be1 Nc7 56. Bc3 Ne8 57. Be1 Ng7 58. Bc3 Nh5 59. Ne1 Ne7 60. Ng2 Ng6 61. Be1
Bf8 1/2-1/2

[Event "4NCL 2011-12"]
[Site "Hinkley ENG"]
[Date "2012.05.05"]
[Round "11.172"]
[White "Rose, Matthew"]
[Black "Buckley, David E"]
[Result "1-0"]
[WhiteElo "2282"]
[BlackElo "2245"]
[WhiteTeam "Oxford"]
[BlackTeam "Bristol"]
[WhiteFideId "407941"]
[BlackFideId "407437"]
[EventDate "2011.11.12"]

1. e4 Nf6 2. e5 Nd5 3. d4 d6 4. c4 Nb6 5. exd6 cxd6 6. Nc3 g6 7. Be3 Bg7 8. Rc1
O-O 9. b3 e5 10. dxe5 dxe5 11. Qxd8 Rxd8 12. c5 N6d7 13. Bc4 Nc6 14. Ne4 Na5 15.
Be2 Nf8 16. Bg5 Rd4 17. Nd6 e4 18. Be3 Rd5 19. Nxe4 Be6 20. Nf3 h6 21. O-O Nd7
22. Nc3 Rxc5 23. Bxc5 Nxc5 24. b4 Ncb3 25. axb3 Nxb3 26. Nb5 1-0

[Event "4NCL 2011-12"]
[Site "Hinkley ENG"]
[Date "2012.05.05"]
[Round "11.173"]
[White "Rudd, Jack"]
[Black "Tsanas, Athanasios"]
[Result "0-1"]
[WhiteTitle "IM"]
[WhiteElo "2290"]
[BlackElo "2295"]
[WhiteTeam "Bristol"]
[BlackTeam "Oxford"]
[WhiteFideId "405736"]
[BlackFideId "4206061"]
[EventDate "2011.11.12"]

1. e4 c5 2. Nf3 d6 3. d4 cxd4 4. Nxd4 Nf6 5. Nc3 a6 6. Be3 e5 7. Nb3 Be7 8. f3
Be6 9. Qd2 O-O 10. O-O-O a5 11. Bb5 Na6 12. g4 Nc7 13. Bb6 Qb8 14. Ba4 Rc8 15.
h4 Ra6 16. Qf2 Na8 17. Bxa5 Bxb3 18. Bxb3 Rxa5 19. g5 Nh5 20. Nd5 Bd8 21. Qg2 g6
22. Qg4 Nb6 23. Nxb6 Bxb6 24. Rxd6 Rxc2+ 25. Kxc2 Qxd6 26. Rd1 Qc5+ 27. Kb1 Ra8
28. Qd7 Rf8 29. Rc1 Qf2 30. Qxb7 Be3 31. Rd1 Bd4 32. Bc4 Ng3 33. Qb3 Nh5 34. a4
Qxh4 35. a5 Qxg5 36. a6 Qe7 37. Bd5 Nf4 38. Bb7 Ne6 39. Qb5 Nc5 40. Bd5 Qa7 0-1

[Event "4NCL 2011-12"]
[Site "Hinkley ENG"]
[Date "2012.05.05"]
[Round "11.174"]
[White "Eckersley-Waites, Tom"]
[Black "Dilleigh, Stephen P"]
[Result "1/2-1/2"]
[WhiteElo "2276"]
[BlackElo "2066"]
[WhiteTeam "Oxford"]
[BlackTeam "Bristol"]
[WhiteFideId "412449"]
[BlackFideId "408379"]
[EventDate "2011.11.12"]

1. d4 Nf6 2. c4 g6 3. Nc3 Bg7 4. e4 d6 5. Nf3 O-O 6. Be2 e5 7. O-O Nc6 8. d5 Ne7
9. b4 Nh5 10. Re1 a5 11. bxa5 Rxa5 12. a4 c5 13. Ra3 Nf6 14. Bf1 Ne8 15. Nb5 Ra6
16. Ng5 h6 17. Nh3 g5 18. Kh1 f5 19. exf5 Nxf5 20. Bd3 Nh4 21. Nxg5 hxg5 22. Qh5
Nf6 23. Qxg5 Ng4 24. Kg1 Qxg5 25. Bxg5 Bf6 26. Bd2 Nxf2 27. Bb1 Bg7 28. Nc7 Ra7
29. Ne6 Bxe6 30. dxe6 b6 31. Rg3 e4 32. Re2 Nf5 33. Kxf2 Nxg3+ 34. Kxg3 Be5+ 35.
Kg4 Rg7+ 36. Bg5 Rf4+ 37. Kh5 Rh7+ 38. Kg6 Rg7+ 39. Kh5 Rh7+ 40. Kg6 1/2-1/2

[Event "4NCL 2011-12"]
[Site "Hinkley ENG"]
[Date "2012.05.05"]
[Round "11.175"]
[White "Bennett, Dominic L"]
[Black "White, Michael J R"]
[Result "0-1"]
[BlackTitle "FM"]
[WhiteElo "2074"]
[BlackElo "2214"]
[WhiteTeam "Bristol"]
[BlackTeam "Oxford"]
[WhiteFideId "416657"]
[BlackFideId "407380"]
[EventDate "2011.11.12"]

1. e4 c5 2. Nf3 Nc6 3. Bb5 Nf6 4. Nc3 g6 5. O-O Bg7 6. Re1 O-O 7. a4 d6 8. h3 e5
9. Bc4 Be6 10. Nd5 Bxd5 11. Bxd5 Nxd5 12. exd5 Ne7 13. c4 h6 14. a5 f5 15. Ra4
g5 16. Nh2 Ng6 17. b4 cxb4 18. d3 b6 19. Bb2 bxa5 20. Qa1 g4 21. hxg4 fxg4 22.
Nxg4 Qh4 23. Re4 Nf4 24. Qd1 h5 25. Ne3 Nh3+ 26. Kh2 Rf4 27. g3 Rxf2+ 28. Ng2
Qf6 29. Bxe5 dxe5 30. Kxh3 Qf5+ 31. Kh2 Rf8 32. Rh4 Qf3 33. Qxf3 R8xf3 34. Rxa5
Rxd3 35. c5 Rdd2 36. c6 Rxg2+ 37. Kh1 Rge2 38. Ra1 Rxd5 39. Rc4 Rd8 40. c7 Rc8
41. Rd1 Rf2 42. Rd8+ Rf8 43. Rxf8+ 0-1

[Event "4NCL 2011-12"]
[Site "Hinkley ENG"]
[Date "2012.05.05"]
[Round "11.176"]
[White "Coleman, James"]
[Black "Curtis, John E"]
[Result "1-0"]
[WhiteElo "2142"]
[BlackElo "2116"]
[WhiteTeam "Oxford"]
[BlackTeam "Bristol"]
[WhiteFideId "407216"]
[BlackFideId "411892"]
[EventDate "2011.11.12"]

1. c4 d6 2. Nc3 e5 3. g3 Nc6 4. Bg2 g6 5. e4 Bg7 6. Nge2 Nge7 7. d3 O-O 8. O-O
f5 9. Nd5 Nxd5 10. cxd5 Ne7 11. d4 fxe4 12. dxe5 Bxe5 13. Bxe4 Bh3 14. Bg2 Bxg2
15. Kxg2 Nf5 16. Nf4 Nh4+ 17. Kh1 Bxf4 18. Bxf4 Rf5 19. Qg4 h5 20. Qe2 Qf6 21.
Rac1 g5 22. Rxc7 gxf4 23. gxh4 Qe5 24. Rg1+ Kf8 25. Qxe5 Rxe5 26. Rg5 Rae8 27.
Kg2 Re2 28. Rf5+ Kg8 29. Rxb7 Rd2 30. Rg5+ Kf8 31. Rxh5 Kg8 32. Rf5 Ree2 33.
Rxf4 Rxd5 34. Rc4 1-0

[Event "4NCL 2011-12"]
[Site "Hinkley ENG"]
[Date "2012.05.05"]
[Round "11.177"]
[White "Collier, David O"]
[Black "Dickinson, Tim R"]
[Result "1/2-1/2"]
[WhiteElo "2138"]
[BlackElo "2152"]
[WhiteTeam "Bristol"]
[BlackTeam "Oxford"]
[WhiteFideId "406422"]
[BlackFideId "405728"]
[EventDate "2011.11.12"]

1. d4 e6 2. g3 Nf6 3. Bg2 d5 4. Nf3 Be7 5. O-O O-O 6. c4 c6 7. Qc2 Ne4 8. Ne1 f5
9. Nc3 Nd7 10. e3 Ndf6 11. b3 Bd7 12. a4 Bb4 13. Ne2 Qe7 14. Nd3 Bd6 15. Ne1 Bb4
16. f3 Bxe1 17. Rxe1 Nd6 18. Ba3 1/2-1/2

[Event "4NCL 2011-12"]
[Site "Hinkley ENG"]
[Date "2012.05.05"]
[Round "11.178"]
[White "Miranda Gonzalez, Nicole"]
[Black "Roberts, Lynda"]
[Result "1-0"]
[WhiteElo "2027"]
[BlackElo "1960"]
[WhiteTeam "Oxford"]
[BlackTeam "Bristol"]
[WhiteFideId "3405770"]
[BlackFideId "1800191"]
[EventDate "2011.11.12"]

1. e4 c5 2. c3 g6 3. d4 cxd4 4. cxd4 d5 5. e5 Nc6 6. h3 Bg7 7. Nf3 Nh6 8. Bb5
Bf5 9. Nc3 O-O 10. Bxc6 bxc6 11. O-O f6 12. Re1 g5 13. g4 Bg6 14. Na4 Be4 15.
Nd2 Bg6 16. Nc5 fxe5 17. Ne6 Qd6 18. Nxf8 Rxf8 19. dxe5 Bxe5 20. Nf3 Be4 21.
Rxe4 dxe4 22. Qxd6 Bxd6 23. Nxg5 Be5 24. Nxe4 Nf7 25. Rb1 Rb8 26. b3 Rb4 27. f3
Nd6 28. Nxd6 exd6 29. Kf2 c5 30. Be3 a6 31. Rc1 Kf7 32. Rc4 Rb6 33. Re4 Bg7 34.
Ke2 Bc3 35. Kd3 Bb4 36. Kc4 a5 37. f4 Rb7 38. f5 Rd7 39. Kd5 a4 40. Re6 axb3 41.
axb3 Ba3 42. Rh6 Kf8 43. Bf4 Rb7 44. Bxd6+ Kg7 45. g5 Rxb3 46. Ke6 Re3+ 47. Be5+
Kg8 48. g6 Rxe5+ 49. Kxe5 hxg6 50. Rxg6+ Kf7 51. Rc6 Bb2+ 52. Ke4 Bd4 53. Kd5
Bf2 54. Ke4 Kg7 55. Kf4 Kf7 56. Kg4 Bd4 57. h4 Kg7 58. h5 Kh7 59. f6 Kg8 60. Kf5
Kf8 61. Kg6 1-0

[Event "4NCL 2011-12"]
[Site "Hinkley ENG"]
[Date "2012.05.05"]
[Round "11.182"]
[White "Dearing, Eddie"]
[Black "Ledger, Andrew J"]
[Result "1/2-1/2"]
[WhiteTitle "IM"]
[BlackTitle "IM"]
[WhiteElo "2411"]
[BlackElo "2424"]
[WhiteTeam "Cambridge University"]
[BlackTeam "Blackthorne Russia"]
[WhiteFideId "2400731"]
[BlackFideId "400610"]
[EventDate "2011.11.12"]

1. d4 d5 2. c4 c6 3. Nc3 Nf6 4. e3 g6 5. Nf3 Bg7 6. Be2 O-O 7. O-O b6 8. b3 Bb7
9. Ba3 Re8 10. Rc1 e6 11. Ne5 Nbd7 12. f4 Rc8 13. Bf3 Nxe5 14. fxe5 Nd7 15. cxd5
exd5 16. Bg4 Ra8 17. e4 Ba6 18. Rf2 dxe4 19. Bxd7 Qxd7 20. Nxe4 c5 21. Nd6 Re7
22. dxc5 Bxe5 23. c6 1/2-1/2

[Event "4NCL 2011-12"]
[Site "Hinkley ENG"]
[Date "2012.05.05"]
[Round "11.183"]
[White "Bates, Richard A"]
[Black "Bisby, Daniel L"]
[Result "1/2-1/2"]
[WhiteTitle "IM"]
[BlackTitle "FM"]
[WhiteElo "2386"]
[BlackElo "2264"]
[WhiteTeam "Blackthorne Russia"]
[BlackTeam "Cambridge University"]
[WhiteFideId "403555"]
[BlackFideId "404586"]
[EventDate "2011.11.12"]

1. d4 Nf6 2. Nf3 g6 3. g3 Bg7 4. Bg2 d6 5. O-O O-O 6. c4 c6 7. Nc3 Bf5 8. Ne1 e5
9. d5 cxd5 10. cxd5 Na6 11. e4 Bd7 12. Nd3 b5 13. a3 Qb8 14. Na2 Rc8 15. Bd2 h5
16. h4 Rc4 17. Re1 Ng4 18. b3 Rc8 19. Ba5 Bh6 20. Re2 Nc5 21. Nab4 a6 22. Nxc5 1/2-1/2

[Event "4NCL 2011-12"]
[Site "Hinkley ENG"]
[Date "2012.05.05"]
[Round "11.184"]
[White "Moskovic, David M"]
[Black "Ansell, Simon T"]
[Result "0-1"]
[WhiteTitle "FM"]
[BlackTitle "IM"]
[WhiteElo "2324"]
[BlackElo "2389"]
[WhiteTeam "Cambridge University"]
[BlackTeam "Blackthorne Russia"]
[WhiteFideId "404535"]
[BlackFideId "402141"]
[EventDate "2011.11.12"]

1. d4 d5 2. c4 c6 3. Nf3 Nf6 4. e3 e6 5. b3 Nbd7 6. Bb2 Bb4+ 7. Nbd2 Ne4 8. Bd3
f5 9. O-O O-O 10. a3 Bd6 11. Ne5 Qf6 12. Ndf3 Qh6 13. a4 Rd8 14. Ba3 Bc7 15. Qe2
Qf6 16. Bb2 Nd6 17. Nd2 Nf7 18. Nxf7 Qxf7 19. f3 Nf6 20. e4 Nh5 21. g3 f4 22. g4
Nf6 23. e5 Nd7 24. cxd5 cxd5 25. Rfc1 Nf8 26. b4 a6 27. Rc2 Bb8 28. Rac1 Bd7 29.
b5 axb5 30. axb5 Ba7 31. Nb3 Bb6 32. Nc5 Be8 33. Qd2 g5 34. Qb4 Qe7 35. Qb3 Bg6
36. Ba3 Bxd3 37. Qxd3 Qf7 38. Bb4 Rdc8 39. Nb3 Rxc2 40. Rxc2 Ng6 41. Bc5 Bd8 42.
Rc3 Nh4 43. Bd6 h5 44. h3 hxg4 45. hxg4 Qe8 46. Kf2 Kg7 47. Nc5 Bb6 48. Ra3 Rxa3
49. Qxa3 Qg6 50. Qb3 Kf7 51. Qd1 Qh7 52. Nb3 Ng6 53. Qf1 Qh2+ 54. Qg2 Qh4+ 55.
Kf1 Qh7 56. Nc5 Nh4 57. Qe2 Qb1+ 58. Kf2 Qh1 59. Qd3 Qg2+ 60. Ke1 Nxf3+ 61. Kd1
Qg1+ 62. Ke2 Nxd4+ 63. Kd2 Ba5+ 0-1

[Event "4NCL 2011-12"]
[Site "Hinkley ENG"]
[Date "2012.05.05"]
[Round "11.185"]
[White "Ledger, Dave J"]
[Black "Eckersley-Waites, Adam"]
[Result "0-1"]
[WhiteTitle "FM"]
[WhiteElo "2228"]
[BlackElo "2231"]
[WhiteTeam "Blackthorne Russia"]
[BlackTeam "Cambridge University"]
[WhiteFideId "401986"]
[BlackFideId "411698"]
[EventDate "2011.11.12"]

1. e4 c5 2. Nf3 d6 3. d4 cxd4 4. Nxd4 Nf6 5. Nc3 g6 6. Be3 Bg7 7. f3 Nc6 8. Qd2
O-O 9. Bc4 Bd7 10. O-O-O Rc8 11. Bb3 Ne5 12. Kb1 a6 13. g4 b5 14. g5 b4 15. Nce2
Nh5 16. f4 Nc4 17. Bxc4 Rxc4 18. b3 Rc8 19. Qxb4 Qc7 20. Qd2 Qb7 21. Nc3 Bg4 22.
Rdf1 e5 23. fxe5 dxe5 24. Nf3 Nf4 25. Bxf4 exf4 26. Nd5 Be6 27. Nf6+ Bxf6 28.
gxf6 Qxe4 29. Ng5 Qf5 30. h4 Rfd8 31. Qh2 Bd5 32. Rxf4 Qe5 33. Rf2 Qc3 34. Rd1
Bxb3 35. Rxd8+ Rxd8 36. Rf1 Bd5 37. h5 Qb4+ 38. Kc1 Qa3+ 39. Kd2 Bc4+ 40. Ke1
Qe3+ 41. Qe2 Qxe2# 0-1

[Event "4NCL 2011-12"]
[Site "Hinkley ENG"]
[Date "2012.05.05"]
[Round "11.188"]
[White "Chan, Nevil"]
[Black "Yurenok, Maria S"]
[Result "1/2-1/2"]
[BlackTitle "WFM"]
[WhiteElo "2117"]
[BlackElo "2106"]
[WhiteTeam "Cambridge University"]
[BlackTeam "Blackthorne Russia"]
[WhiteFideId "416738"]
[BlackFideId "409359"]
[EventDate "2011.11.12"]

1. d4 d5 2. Nc3 Nf6 3. Bg5 Nbd7 4. Nf3 e6 5. e3 Be7 6. Bd3 b6 7. O-O Bb7 8. a4
Ne4 9. Bxe7 Qxe7 10. a5 a6 11. Ne2 b5 12. c3 f5 13. Ne5 O-O 14. Nxd7 Qxd7 15. f4
Qe7 16. b4 Bc6 17. Qe1 Rf6 18. Nc1 Rh6 19. Nb3 Nf6 20. g3 Ng4 21. Ra2 Be8 22.
Nc5 c6 23. Rg2 Nf6 24. Qd2 Rh3 25. Re1 Bh5 26. Be2 Bxe2 27. Rexe2 Ng4 28. Qe1
Ra7 29. Nd3 Kh8 30. Rc2 Ra8 31. Rge2 Rh6 32. Nc5 Ra7 33. Nd3 1/2-1/2